| 000 | 00751nam a22001817a 4500 | ||
|---|---|---|---|
| 999 |
_c14895 _d14895 |
||
| 003 | OSt | ||
| 082 | _2631.75807 AIS/DE | ||
| 088 | _aP 365 | ||
| 100 |
_aAISWARYA L _aSHILPA S. SELVAN _93970 |
||
| 245 | _aDesign, Development and Evaluation of an Automated Low tunnel for Hi-Tech Agriculture | ||
| 260 |
_aTavanur 2017 _bDepartment of Land & Water Resources and Conservation Engineering |
||
| 300 | _a55 | ||
| 500 | _aDesign, Development and Evaluation of an Automated Low tunnel for Hi-Tech Agriculture | ||
| 520 | _aDesign, Development and Evaluation of an Automated Low tunnel for Hi-Tech Agriculture | ||
| 700 |
_aDr. Abdul Hakkim V.M (Guide) _93491 |
||
| 856 | _uhttps://drive.google.com/open?id=1EKh_9b_1G6cF2Kge-RsGCe20fV5WEB2c | ||
| 942 | _cPR | ||